| 000 | 01214nam0a22003011 4500 | ||
|---|---|---|---|
| 001 | rc\4779859 | ||
| 005 | 20250613082514.0 | ||
| 021 |
_aRU _b[68-15053] |
||
| 035 | _a(NLR Aleph) 009028371 | ||
| 090 |
_a9472952 _c9472952 |
||
| 100 | _a20130417d1968 |||y0rusy50 ca | ||
| 101 | 0 | _arus | |
| 102 | _aRU | ||
| 105 | _aa z ||||| | ||
| 200 | 1 | _aОсновы информационной теории измерительных устройств | |
| 210 |
_aЛенинград _cЭнергия. Ленингр. отд-ние _d1968 |
||
| 215 |
_a248 с. _cчерт. _d22 |
||
| 300 | _aНа корешке загл.: Основы теории измерительных устройств | ||
| 320 | _aБиблиогр.: с. 243-245 (59 назв.) | ||
| 516 | 0 | _aОсновы теории измерительных устройств | |
| 606 |
_aИнформации теория _2psbo |
||
| 606 |
_aЭлектроизмерительные приборы _xМатематические исследования _2psbo |
||
| 700 | 1 |
_aНовицкий _bП.В. _gПетр Васильевич |
|
| 801 | 0 |
_aRU _bNLR _gpsbo |
|
| 801 | 1 |
_aRU _bELAR _2rusmarc |
|
| 852 |
_aNLR _j68-5/1482 |
||
| 942 | _cBOOK | ||
| 980 | _aNB | ||